• 首页
  • 本馆介绍
  • 公告通知
  • 最新文献
  • 馆藏检索
  • 电子资源
  • 读者导购
  • 参考咨询
  • 我的图书馆
  • 登录
  • 详细信息显示
  • 放入我的书架
  • 预约/预借图书
  • 作者相关作品
  • 分类相关作品
  • 丛书相关作品
  • 出版社相关作品

书目信息

  • 表格格式
  • 工作单格式
  • 卡片格式
题名:
夺凶器基本技法
    
 
作者: 韩建中 著
分册:  
出版信息: 北京   人民体育出版社  2004
页数: 213页
开本: 20cm
丛书名:
单 册:
中图分类: G852.4
科图分类:
主题词: 防身术
电子资源:
ISBN: 7-5009-2484-4
000 00563nam0 2200205 450
001 002564944
005 20061112094354.78
010    @a7-5009-2484-4@dCNY15.00
100    @a20040120d2004 em y0chiy0110 ea
101 0  @achi
102    @aCN@b110000
105    @aa z 000yy
200 1  @a夺凶器基本技法@9duo xiong qi ji ben ji fa@f韩建中著
210    @a北京@c人民体育出版社@d2004
215    @a213页@c图@d20cm
606 0  @a防身术
690    @aG852.4@v4
701  0 @a韩建中@9han jian zhong@f(1941.1~)@4著
801  0 @aCN@bNLC@c20061112
905    @a10447@dG852.4@e138
    
    夺凶器基本技法/韩建中著.-北京:人民体育出版社,2004
    213页:图;20cm
    
    
    ISBN 7-5009-2484-4:CNY15.00
    
●
相关链接 在E读中查询图书 在五车中查询图书 在当当中查询图书 在豆瓣中查询图书


正题名:夺凶器基本技法     索取号:G852.4/138         预约/预借

序号 登录号 条形码 馆藏地/架位号 状态 备注
1 0383731   203837312   第一样本阅览室/ [索取号:G852.4/138] 在馆    
2 0383732   203837321   第四借阅区/ [索取号:G852.4/138] 在馆    
3 0383733   203837330   第四借阅区/ [索取号:G852.4/138] 在馆    
4 0383734   203837349   第四借阅区/ [索取号:G852.4/138] 在馆    
5 0383735   203837358   第四借阅区/ [索取号:G852.4/138] 在馆    
唐山师范学院图书馆 欢迎您!
大连网信软件有限公司© 版权所有